La sirena negra
Gorde:
| Egile nagusia: | |
|---|---|
| Formatua: | Liburua |
| Hizkuntza: | gaztelania |
| Argitaratua: |
Madrid
Renacimiento
1914
|
| Edizioa: | 1a. ed |
| Saila: | Obras completas de Pardo Bazán, 42
|
| Gaiak: | |
| Etiketak: |
Etiketa erantsi
Etiketarik gabe, Izan zaitez lehena erregistro honi etiketa jartzen!
|
MARC
| LEADER | 00000nam a2200000 a 4500 | ||
|---|---|---|---|
| 001 | UCJ3587 | ||
| 003 | CL-VaPUC | ||
| 008 | 070124e19140000SP |||||||||||||||||spa|d | ||
| 082 | 0 | 4 | |a 863 |b PAR |2 21 |
| 100 | |a Pardo Bazán, Emilia |e autora |9 319277 | ||
| 245 | 1 | 3 | |a La sirena negra |
| 250 | |a 1a. ed | ||
| 300 | |a 255 p | ||
| 942 | |c BK | ||
| 945 | |d 20070124 00:00:00 |a rinostro | ||
| 260 | |a Madrid |b Renacimiento |c 1914 | ||
| 650 | 7 | |a NOVELA ESPAÑOLA |2 CL-VaPUC |9 313139 | |
| 583 | |a last modification |c 20070124 00:00:00 |k Rodrigo Vera | ||
| 490 | 0 | |a Obras completas de Pardo Bazán, 42 | |
| 999 | |c 319709 |d 319707 | ||
| 952 | |0 0 |1 0 |4 0 |6 863_000000000000000_PAR_1914 |7 0 |8 X |9 398072 |a FDOBUD |b FDOBUD |d 2019-11-22 |i 1005685 |o 863 PAR 1914 |p 1005685 |r 2019-11-22 |w 2019-11-22 |y BK_X |k BUD | ||